| 000 | 00994nam a2200217 i 4500 | ||
|---|---|---|---|
| 001 | 120204 | ||
| 003 | ES-MaACL | ||
| 005 | 20240328063536.0 | ||
| 007 | t| | ||
| 008 | 070214m1984 sp r ||||1| spa d | ||
| 080 | _a94(460)"1833/40" | ||
| 100 | 1 |
_aPirala, Antonio, _d1824-1903 _992337 |
|
| 245 | 1 | 0 |
_aHistoria de la guerra civil y de los partidos liberal y carlista / _cAntonio Pirala ; estudio preliminar por Julio Aróstegui. |
| 260 |
_aMadrid : _bTurner [etc.], _c1984- |
||
| 300 |
_a6 v., lám. ; _c21 cm. |
||
| 505 | 8 | _aContiene: t. I: Desde la Regencia de Urgel hasta la dimisión de Zumalacárregui -- t. II: Primer sitio de Bilbao ; Panorama de los ejércitos liberales y carlistas en el Norte -- t. III: año 1836 -- t. IV: 1837 -- t. V: año 1838-1839 t. VI: La regencia de Espartero | |
| 651 | 4 |
_aEspaña- _xHistoria- _y1833-1840, Guerra carlista _98250 |
|
| 700 | 1 |
_aAróstegui, Julio, _d1939-2013 _923167 |
|
| 852 |
_aES-MaACL _jL-9284-89 |
||
| 999 |
_c120204 _d120204 |
||